|
|
|
|
| LEADER |
00000nam a2200000 i 4500 |
| 001 |
115545 |
| 003 |
CZ-ZlUTB |
| 005 |
20260429082906.0 |
| 007 |
ta |
| 008 |
260424t20072007xxua fr 001 0 eng d |
| 020 |
|
|
|a 978-0-226-40193-5
|q (brožováno)
|
| 040 |
|
|
|a ZLD002
|b cze
|e rda
|
| 044 |
|
|
|a xxu
|a xxk
|
| 072 |
|
7 |
|a 165
|x Teorie poznání. Epistemologie
|2 Konspekt
|9 5
|
| 080 |
|
|
|a 161.114
|2 MRF
|
| 080 |
|
|
|a 13
|2 MRF
|
| 080 |
|
|
|a 159.9.016.1
|2 MRF
|
| 080 |
|
|
|a 111.852
|2 MRF
|
| 080 |
|
|
|a 165.242.2
|2 MRF
|
| 080 |
|
|
|a (048.8)
|2 MRF
|
| 100 |
1 |
|
|a Johnson, Mark,
|d 1949-
|7 xx0007853
|4 aut
|
| 245 |
1 |
4 |
|a The meaning of the body :
|b aesthetics of human understanding /
|c Mark Johnson
|
| 264 |
|
1 |
|a Chicago ;
|a London :
|b University of Chicago Press,
|c [2007]
|
| 264 |
|
4 |
|c ©2007
|
| 300 |
|
|
|a xvii, 308 stran :
|b ilustrace (některé barevné) ;
|c 23 cm
|
| 336 |
|
|
|a text
|b txt
|2 rdacontent
|
| 337 |
|
|
|a bez média
|b n
|2 rdamedia
|
| 338 |
|
|
|a svazek
|b nc
|2 rdacarrier
|
| 500 |
|
|
|a Brožováno vyšlo 2008
|
| 504 |
|
|
|a Obsahuje bibliografii, bibliografické odkazy a rejstřík
|
| 650 |
0 |
7 |
|a význam (logika)
|7 ph166517
|2 czenas
|
| 650 |
0 |
7 |
|a filozofie ducha
|7 ph120223
|2 czenas
|
| 650 |
0 |
7 |
|a mysl a tělo
|7 ph135558
|2 czenas
|
| 650 |
0 |
7 |
|a estetika
|7 ph117189
|2 czenas
|
| 650 |
0 |
7 |
|a porozumění (filozofie)
|7 ph303214
|2 czenas
|
| 650 |
0 |
9 |
|a meaning (philosophy)
|2 eczenas
|
| 650 |
0 |
9 |
|a philosophy of mind
|2 eczenas
|
| 650 |
0 |
9 |
|a mind and body
|2 eczenas
|
| 650 |
0 |
9 |
|a aesthetics
|2 eczenas
|
| 650 |
0 |
9 |
|a understanding (philosophy)
|2 eczenas
|
| 655 |
|
7 |
|a studie
|7 fd133597
|2 czenas
|
| 655 |
|
9 |
|a studies
|2 eczenas
|
| 710 |
2 |
|
|a University of Chicago.
|b Press
|7 ko2003184597
|4 pbl
|
| 910 |
|
|
|a ZLD002
|
| 942 |
|
|
|2 udc
|
| 952 |
|
|
|0 0
|1 0
|4 0
|5 0
|6 16JOHNSONM
|7 0
|8 BOOK
|9 190881
|a UTBZL
|b UTBZL
|c 005
|d 2026-04-24
|l 0
|o 16/JOHNSON,M.
|p 420010201968
|r 2026-04-24 14:25:32
|v 421.00
|w 2026-04-24
|x N:nákup
|y 01
|
| 992 |
|
|
|a BK
|b SK
|
| 999 |
|
|
|c 115545
|d 115545
|